| 000 | 00732nam a22002297a 4500 | ||
|---|---|---|---|
| 999 |
_c3089 _d3089 |
||
| 003 | AR-CdUCM | ||
| 008 | 190305b ||||| |||| 00| 0 spa d | ||
| 040 |
_aMUNICIPALIDAD PROVINCIAL DEL CUSCO _cBIBLIOTECA MUNICIPAL DEL CUSCO |
||
| 082 |
_a869.56 / _bG88V |
||
| 100 |
_aGuevara, Shelma _910460 |
||
| 245 | _aLas voces / | ||
| 260 |
_aArequipa : _bEdiciones Casa de la Cultura de Arequipa, _c1971. |
||
| 300 |
_a51 páginas ; _c16.5 cm. |
||
| 500 | _aDonación de la familia Nieto. | ||
| 650 |
_aPoesía - Cusco _95957 |
||
| 650 |
_aProsa cusqueña _910461 |
||
| 650 |
_aPoetas cusqueños _95956 |
||
| 650 |
_aPoestisa - Shelma Guevara _910462 |
||
| 650 |
_aPoesía - Siglo XX _91708 |
||
| 942 |
_2ddc _cLIBROS |
||
| 945 | _alccs | ||